000 00520nam a22001817a 4500
003 0
005 20250314112519.0
008 250314b xxu||||| |||| 00| 0 eng d
020 _a978-141-662338-0
050 _aLB 1027.23
_b.R65 2017
100 _aRollins, Suzy Pepper
245 _aTeaching in the fast lane
_cSuzy Pepper Rollins
260 _aAlexandria, Virginia
_bASCD
_c2017
300 _aviii, 128 pages ;
_c23cm.
504 _aIncludes bibliographical references.
650 _aTeaching.
942 _2lcc
_cBK
999 _c367292
_d367292